000
nam a22 7a 4500
999
_c
49307
_d
49307
003
OSt
005
20191122104031.0
008
191122b xxu||||| |||| 00| 0 eng d
040
_c
sero soft
100
_a
MAHAJAN, V.D
245
_a
ANCIENT INDIA
260
_a
S.CHAND
_b
S.CHAND
300
_a
668
942
_2
ddc
_c
02